| 000 | 01850cam a2200325 a 4500 | ||
|---|---|---|---|
| 001 | 15607915 | ||
| 003 | OSt | ||
| 005 | 20150706110547.0 | ||
| 008 | 090202s2009 dcua b 001 0 eng | ||
| 020 | _a9780309126748 | ||
| 040 | _aSEKU | ||
| 050 | 0 | 0 |
_aRA 790.6 _b.I8 |
| 110 | 2 |
_aInstitute of Medicine (U.S.). _bCommittee on Prevention of Mental Disorders and Substance Abuse Among Children, Youth, and Young Adults: Research Advances and Promising Interventions. |
|
| 245 | 1 | 0 |
_aPreventing mental, emotional, and behavioral disorders among young people : _bprogress and possibilities _cCommittee on the Prevention of Mental Disorders and Substance Abuse Among Children, Youth, and Young Adults: Research Advances and Promising Interventions ; Mary Ellen O'Connell, Thomas Boat, and Kenneth E. Warner, editors ; Board on Children, Youth, and Families, Division of Behavioral and Social Sciences and Education. |
| 260 |
_aWashington, D.C. : _bNational Academies Press, _cc2009. |
||
| 300 |
_a562 p. : _bill. |
||
| 500 | _a"National Research Council and Institute of Medicine of the National Academies." | ||
| 500 | _a"This report builds on ... 1994 Institute of Medicine (IOM) report entitled Reducing risks for mental disorders"--Pref. | ||
| 504 | _aIncludes bibliographical references | ||
| 650 | 0 |
_aMental illness _xPrevention _xResearch _xGovernment policy _zUnited States. |
|
| 650 | 0 |
_aMental health promotion _xResearch _xGovernment policy _zUnited States. |
|
| 650 | 0 |
_aMental illness _zUnited States _xPrevention. |
|
| 650 | 0 |
_aMental health promotion _zUnited States. |
|
| 700 | 1 | _aO'Connell, Mary Ellen, | |
| 700 | 1 | _aBoat, Thomas F. | |
| 700 | 1 | _aWarner, Kenneth E., | |
| 710 | 2 |
_aNational Research Council (U.S.). _bBoard on Children, Youth, and Families. |
|
| 730 | 0 | _aReducing risks for mental disorders. | |
| 942 |
_2lcc _cGEN |
||
| 999 |
_c5291 _d5291 |
||